00783cam a2200229 a 4500999001500000001000600015003000900021005001700030008004100047040003800088082002000126100002600146245006400172250001200236260004000248300002400288600004000312650004700352700002400399942001200423952011800435 c6558d655819356BD-DhUAP20210104101932.0210104s1986 ii abf b f000 0 eng  aBD-DhUAPcBD-DhUAPdBD-DhUAPbEng a891.441 TAG223 aTagore, Rabindranath. aPoems /cRabindranath Tagore ; edited by Krishna Kripalani. a2nd ed. aCalcutta : bVisva-bharati,cc1986. a238 pages ;c19 cm. aTagore, Rabindranath, -- 1861-1941. aBengali poetryvTranslations into English. aKripalani, Krishna. 2ddccBK 00102ddc4070aDBASLbDBASLcGeneral Stacksd2021-01-04o891.441 TAGp3010019356r2021-01-04t1w2021-01-04yBK